روائع متحف محمود خليل / (Record no. 25073)
[ view plain ]
| 000 -الفاتح | |
|---|---|
| حقل البيانات ثابتة الطول | 01599nam a22003977a 4500 |
| 003 - محدد رقم الضبط | |
| رقم الضبط | EG-ScBUE |
| 005 - وقت وتاريخ اخر تعامل مع التسجيلة | |
| رقم الضبط | 20221026095321.0 |
| 008 - عناصر البيانات ثابتة الطول - معلومات عامة | |
| حقل البيانات ثابتة الطول | 170725s2012 ua c f 000 0dara d |
| 017 ## - رقم الإيداع القانونى | |
| رقم الإيداع القانونى | 2011 / 19702 |
| 020 ## - الرقم الدولى المعيارى للكتب | |
| الرقم الدولى المعيارى للكتاب | 9789774277190 |
| 020 ## - الرقم الدولى المعيارى للكتب | |
| الرقم الدولى المعيارى للكتاب | 9789774277191 |
| 040 ## - مصدر الفهرسة | |
| وكالة الفهرسة الأصلية | EG-ScBUE |
| لغة الفهرسة | ara |
| قواعد الوصف | rda |
| وكالة النسخ | EG-ScBUE |
| وكالة التعديل | EG-ScBUE |
| 041 0# - رمز اللغة | |
| رمز لغة النص/ المسارات الصوتية أو العنوان الانفرادي | ara |
| -- | eng |
| 043 ## - رمز المنطقة الجغرافية | |
| رمز المنطقة الجغرافية | f-ua--- |
| 082 04 - رقم تصنيف ديوى العشرى | |
| رقم التصنيف | 708.96216 |
| رقم المادة | ش ا ر |
| رقم الطبعة | 22 |
| 100 1# - المدخل الرئيسى - إسم شخصى | |
| الإسم الشخصى | شاروني، صبحي، |
| الدور | مؤلف. |
| 245 10 - بيان العنوان | |
| العنوان | روائع متحف محمود خليل / |
| بيان المسئوليه,etc | د. صبحي الشاروني، د. مينا صاروفيم ؛ ترجمة رمضان عبد القادر. |
| 246 35 - العنوان الموازى | |
| عنوان صحيح/عنوان مختصر | Masterpices of Mahmoud Khalil museum |
| 246 33 - العنوان الموازى | |
| عنوان صحيح/عنوان مختصر | Masterpieces of Mahmoud Khalil museum |
| 250 ## - بيان الطبعة | |
| بيان الطبعة | الطبعة الأولى. |
| 264 #1 - النشر، التوزيع | |
| مكان الناشر او الموزع | القاهرة : |
| اسم الناشر او الموزع | الدار المصرية اللبنانية، |
| تاريخ النشر أو التوزيع | 2012. |
| 300 ## - الوصف المادى | |
| التعداد | 222 صفحة : |
| تفاصيل ماديه اخرى للوعاء | لوحات ؛ |
| أبعاد الوعاء | 30 سم |
| 546 ## - تبصرة اللغة | |
| تبصرة اللغة | النص باللغتين العربية والإنجليزية. |
| 590 ## - تبصرة محلية(RLIN) | |
| تبصرة محلية | سارة |
| 600 17 - المدخل الاضافى بالموضوع-اسم شخصى | |
| الإسم الشخصى | خليل، محمود، |
| التواريخ المصاحبة للاسم | 1953-1877. |
| التقسيم الفرعي العام | مجموعات فنية. |
| مصدر الرأس أو المصطلح | BUEsh |
| 610 27 - المدخل الاضافى بالموضوع-اسم هيئة | |
| اسم الهيئة أو اسم السلطة كمدخل | متحف محمود خليل (القاهرة) |
| مصدر الرأس أو المصطلح | BUEsh |
| 650 #7 - المدخل الاضافى بالموضوع-مصطلح موضوعى | |
| مصطلح موضوعي أو اسم جغرافي كعنصر مدخل | المتاحف |
| التقسيم الفرعي الجغرافي | مصور. |
| مصدر الرأس أو المصطلح | BUEsh |
| 650 #7 - المدخل الاضافى بالموضوع-مصطلح موضوعى | |
| مصطلح موضوعي أو اسم جغرافي كعنصر مدخل | الرسامون المصريون |
| التقسيم الفرعي الشكلي | صور ولوحات. |
| مصدر الرأس أو المصطلح | BUEsh |
| 650 #7 - المدخل الاضافى بالموضوع-مصطلح موضوعى | |
| مصطلح موضوعي أو اسم جغرافي كعنصر مدخل | اللوحات الفنية |
| التقسيم الفرعي العام | متاحف |
| التقسيم الفرعي الجغرافي | مصر |
| -- | القاهرة. |
| مصدر الرأس أو المصطلح | BUEsh |
| 651 ## - المدخل الاضافى بالموضوع - اسم جغرافى | |
| مصدر الرأس أو المصطلح | BUEsh |
| 653 ## - مصطلح تكشيفى غير مقيد | |
| Resource For college | Generalities |
| Arrived date list | July2017 |
| 655 ## - مصطلح تكشيفى-نوع/شكل | |
| التقسيم الفرعي الشكلي | Reading book |
| 700 1# - المدخل الاضافى - اسم شخصى | |
| الإسم الشخصى | صاروفيم، مينا، |
| الدور | مؤلف. |
| 700 1# - المدخل الاضافى - اسم شخصى | |
| الإسم الشخصى | عبد القادر، رمضان، |
| الدور | مترجم. |
| 942 ## - عناصر المدخل الإضافي( كوها) | |
| مصدر التصنيف او مخطط الترفيف | Dewey Decimal Classification |
| حالة التراجع | حالة الفقد | مصدر التصنيف او خطة الترفيف | حالة تلف | ليس للاعارة | مجموعات كوها | المكان الدائم | المكان الحالي | موقع الترفيف | تاريخ الاكتساب | Source of acquisition | سعر الشراء الطبيعي | تعداد مسلسل / التسلسل الزمني | رقم الاستدعاء | الباركود | Date last seen | التكلفة | نوع الوعاء |
|---|---|---|---|---|---|---|---|---|---|---|---|---|---|---|---|---|---|
| Dewey Decimal Classification | Central Library | Central Library | Second Floor | 25/07/2017 | Purchase | 175.00 | 4587 | 708.96216 ش ا ر | 000046145 | 15/07/2025 | 219.00 | Book - Borrowing |